Catálogo

Puebla de Zaragoza : (Registro nro. 26220)

Detalles MARC
000 -LEADER
fixed length control field 01262cam a2200325 i 4500
001 - CONTROL NUMBER
control field 26220
003 - CONTROL NUMBER IDENTIFIER
control field Mx-PuUPA
005 - DATE AND TIME OF LATEST TRANSACTION
control field 20250522100839.0
008 - FIXED-LENGTH DATA ELEMENTS--GENERAL INFORMATION
fixed length control field 140415s2005 mx ao gr 000 0 spa d
020 ## - INTERNATIONAL STANDARD BOOK NUMBER
International Standard Book Number 9688636312
Qualifying information pasta dura
040 ## - CATALOGING SOURCE
Original cataloging agency Mx-PuUPA
Language of cataloging spa
Transcribing agency Mx-PuUPA
Modifying agency Mx-PuUPA
Description conventions rda
041 0# - LANGUAGE CODE
Language code of text/sound track or separate title spa
043 ## - GEOGRAPHIC AREA CODE
Source of local code mx-mxbn
Local GAC code m-mx-pu
100 1# - MAIN ENTRY--PERSONAL NAME
Personal name Merlo Juárez, Eduardo,
9 (RLIN) 368
Relator term autor
245 10 - TITLE STATEMENT
Title Puebla de Zaragoza :
Remainder of title crónica de 475 años de esplendor 1531 - 2006 /
Statement of responsibility, etc. Eduardo Merlo
250 ## - EDITION STATEMENT
Edition statement Primera edición /
Remainder of edition statement diciembre
264 #1 - PRODUCTION, PUBLICATION, DISTRIBUTION, MANUFACTURE, AND COPYRIGHT NOTICE
Place of production, publication, distribution, manufacture Puebla, Puebla :
Name of producer, publisher, distributor, manufacturer Honorable Ayuntamiento de la Ciudad de Puebla,
Date of production, publication, distribution, manufacture, or copyright notice 2005
300 ## - PHYSICAL DESCRIPTION
Extent 219 páginas :
Other physical details ilustraciones, fotografías (en color) ;
Dimensions 33 cm
336 ## - CONTENT TYPE
Fuente rdacontent
Content type term texto
Content type code txt
337 ## - MEDIA TYPE
Source rdamedia
Media type term sin medio
Media type code n
338 ## - CARRIER TYPE
Source rdacarrier
Carrier type term volumen
Carrier type code nc
650 #7 - SUBJECT ADDED ENTRY--TOPICAL TERM
Source of heading or term armarc
Topical term or geographic name entry element Edificios
General subdivision Arte
-- Historia
Form subdivision Obras ilustradas
651 #4 - SUBJECT ADDED ENTRY--GEOGRAPHIC NAME
Geographic name México
Geographic subdivision Puebla de Zaragoza
General subdivision Historia
651 #4 - SUBJECT ADDED ENTRY--GEOGRAPHIC NAME
Geographic name Puebla de Zaragoza (México)
General subdivision Edificios, estructuras, etc.
Form subdivision Obras ilustradas
651 #4 - SUBJECT ADDED ENTRY--GEOGRAPHIC NAME
Geographic name Puebla de Zaragoza (México)
General subdivision Historia
Form subdivision Obras ilustradas
651 #4 - SUBJECT ADDED ENTRY--GEOGRAPHIC NAME
Geographic name Puebla de Zaragoza (México)
General subdivision Arte
942 ## - ADDED ENTRY ELEMENTS (KOHA)
Source of classification or shelving scheme Dewey Decimal Classification
Koha item type Libro
Classification part 972.48
Item part M55
Existencias
Withdrawn status Lost status Source of classification or shelving scheme Damaged status Not for loan Collection code Home library Current library Shelving location Date acquired Total Checkouts Full call number Barcode Date last seen Price effective from Koha item type
    Dewey Decimal Classification     General Centro de Estudios Guadalupanos Centro de Estudios Guadalupanos Sala general 03/12/2013   972.48 M55 2005 46773 05/01/2026 03/12/2013 Libro